| 000 | 01587cam a22004337a 4500 | ||
|---|---|---|---|
| 003 | CHAP | ||
| 005 | 20220817043927.0 | ||
| 008 | 040225d1999 cr abd r 00110 spa d | ||
| 010 | _a88091 | ||
| 011 | _a89063 | ||
| 035 | _a99612 | ||
| 040 | _cCHAP | ||
| 090 | _aFolleto 16728 | ||
| 100 | 0 | 0 |
_aRojas , Patricia. _999264 |
| 245 | 1 | 3 |
_aEl reto de la competitividad en la agricultura _c/por Patricia Rojas y Sergio Sepúlveda |
| 260 |
_aSan José, C. R. : _bInstituto Interamericano de Cooperación para la Agricultura, _c1999 |
||
| 300 |
_a15 h. : _bilus. ; mapa ; cuadro ; esquema |
||
| 410 | 0 | 0 | _aInstituto Interamericano de Cooperación para la Agricultura |
| 490 | 0 |
_aCuadernos técnicos _v; 8 |
|
| 500 | _aFotocopia | ||
| 590 |
_aBATCH-UPD _b10 _c20130110 _lUCH01 _h0838 |
||
| 590 |
_aBATCH-UPD _b10 _c20130410 _lUCH01 _h0516 |
||
| 590 |
_aBATCH-UPD _b10 _c20130914 _lUCH01 _h0017 |
||
| 590 |
_aBATCH-UPD _b10 _c20130914 _lUCH01 _h1649 |
||
| 590 |
_aCONVERSION _b10 _c20130109 _lUCH01 _h1349 |
||
| 650 | 1 | 4 |
_aAgricultura contractual. _91944 |
| 650 | 1 | 4 |
_aAgricultura _xAspectos económicos. |
| 650 | 1 | 4 |
_aCompetencia. _926091 |
| 650 | 1 | 4 |
_aGlobalización. _948300 |
| 700 | 0 |
_aSepúlveda, Sergio. _9104494 |
|
| 810 | 0 | 0 | _aInstituto Interamericano de Cooperación para la Agricultura |
| 830 | 0 |
_aCuadernos técnicos _v; 8 _929881 |
|
| 901 | _aBK | ||
| 905 | _aMarco A. Mendoza T. | ||
| 911 | _aCustodia | ||
| 942 | _cFOLL | ||
| 949 |
_aFolleto 16728 _bBC _cFOLL _d33724002114264 _eTS1 _fc.2 _gI.c/e _i99612 _sb |
||
| 949 |
_aFolleto 16728 _bBC _cFOLL _d996121 _eTS1 _gFotocopia _i99612 _sb |
||
| 999 |
_c88091 _d88091 |
||